| 000 | 01191nam0a22002891 4500 | ||
|---|---|---|---|
| 001 | rc\322648 | ||
| 005 | 20250621034838.0 | ||
| 035 | _a(NLR Aleph) 005556848 | ||
| 090 |
_a5869342 _c5869342 |
||
| 100 | _a20030307d1989 |||y0rusy50 ca | ||
| 101 | 0 | _arus | |
| 102 | _aRU | ||
| 105 | _aa ||||||||| | ||
| 200 | 1 | _aБитумсодержащие угли СССР - сырьевая база производства горного воска | |
| 210 |
_aМ. _cВИЭМС _d1989 |
||
| 215 |
_a53 с. _cил. _d20 |
||
| 225 | 1 |
_aГеология, методы поисков и разведки месторождений твердых горючих ископаемых _eОбзор. информ. _fВНИИ экономики минер. сырья и геол.-развед. работ _vВып. 4 |
|
| 225 | 1 | _aОбзор | |
| 300 | _aНа обл. авт. не указан | ||
| 300 | _aВ надзаг. также: М-во геологии СССР | ||
| 320 | _aБиблиогр.: с. 51-52 | ||
| 700 | 1 |
_aУланов _bН.Н. _gНиколай Николаевич |
|
| 801 | 0 |
_aRU _bNLR _gpsbo |
|
| 801 | 1 |
_aRU _bELAR _2rusmarc |
|
| 852 |
_aNLR _jП7/2217 |
||
| 942 | _cBOOK | ||
| 980 | _aNB | ||